000 00334nam a2200133Ia 4500
005 20260328101522.0
008 260328s9999||||xx |||||||||||||| ||und||
100 _aBaan, Iwan
245 0 _aSANAA :
_b Sejima & Nishizawa - New York Museum /
_cIwan Baan
260 _bPolĂ­grafa
300 _a79 p.
650 _aARQUITECTOS
942 _cBK
999 _c9623
_d9623